Wszystkie kości anatomia człowieka - Statystyki

Ogólne statystyki
  • Ten quiz został rozwiązany 57 razy
  • Średni wynik to 4 z 29
Statystyki odpowiedzi
Hint Odpowiedź % Poprawnych
Żuchwa
55%
Kość potyliczna
50%
Mózgoczaszka (8) Kość czołowa
45%
Kość klinowa
43%
Kość sitowa
23%
Lemiesz
20%
Kość ciemieniowa prawa
8%
Kość jarzmowa lewa
8%
Kość jarzmowa prawa
8%
Kość nosowa lewa
8%

Twarzoczaszka (14)

Kość nosowa prawa
8%
Kość skroniowa lewa
8%
Kość skroniowa prawa
8%
Kowadełko lewe
8%
Kowadełko prawe
8%
Młoteczek lewy
8%
Kosteczki słuchowe (6) Młoteczek prawy
8%
Strzemiączko lewe
8%
Strzemiączko prawe
8%
Kość ciemieniowa lewa
5%
Kość podniebienna lewa
5%
Kość podniebienna prawa
5%
Kość szczękowa lewa
5%
Kość szczękowa prawa
5%
Kość łzowa lewa
3%
Kość łzowa prawa
3%
Kość małżowinowa nosowa dolna lewa
3%
Kość małżowinowa nosowa dolna prawa
3%
Kręgosłup (33 kości) Kręg szyjny C1
0%
Nie znaleziono quizów pasujących do podanych kryteriów
Rozkład punktacji
Procent ludzi z każdym wynikiem
Percentyl według liczby udzielonych odpowiedzi
Twoja historia wyników
Nie rozwiązałeś tego quizu